Sąsiedzi sąsiadów Czadu - Statystyki

Ogólne statystyki
  • Ten quiz został rozwiązany 22 razy
  • Średni wynik to 10 z 13
Statystyki odpowiedzi
Odpowiedź % Poprawnych
Algieria
95%
Benin
90%
Egipt
90%
Mali
90%
Sudan Południowy
85%
Demokratyczna Republika Konga
80%
Burkina Faso
75%
Erytrea
75%
Etiopia
75%
Kongo
75%
Tunezja
75%
Gabon
70%
Gwinea Równikowa
70%
Nie znaleziono quizów pasujących do podanych kryteriów
Rozkład punktacji
Procent ludzi z każdym wynikiem
Percentyl według liczby udzielonych odpowiedzi
Twoja historia wyników
Nie rozwiązałeś tego quizu